000
003250000a22001450004500
003
MACL
040
_a
MACL
090
_c
3632
_d
3632
100
_a
Ganjpathy, T.N.
245
_a
The Philosophy of the Tamil Siddhas
260
_b
Indian Council For cultural
_c
1993
350
_a
140
650
_a
Philisophy
942
_c
BOOK
_k
100
999
_c
3610
_d
3610